{"text_format":"3","workbook":"xlsx","n_sheets":1,"sheets":["t77"],"read":"whole","date_system":"1900"}

{"sheet":"t77","index":0,"n_rows":168,"n_cols":7,"rows_kept":168,"merged":[[0,0,0,6],[28,0,28,5],[42,0,42,5],[153,0,153,5]]}
["TABELA 77.1 - Estatísticas Agrícolas, Município de Bocaina, Estado de São Paulo, 2016/17."]
["ITEM","UNIDADE","N.DE UPAs","MÍNIMO","MÉDIO","MÁXIMO","TOTAL"]
["Distância à sede do município","km",238,0.1,{"v":8.41,"d":"8.4"},{"v":25,"d":"25.0"},"-"]
["Área total","hectare",238,1.6,{"v":151.66,"d":"151.7"},{"v":1631.7,"d":"1,631.7"},{"v":36095.28,"d":"36,095.3"}]
["Área com cultura perene","hectare",5,21.7,{"v":93.26,"d":"93.3"},313.6,466.3]
["Área com cultura temporária","hectare",174,0.2,{"v":113.12,"d":"113.1"},{"v":1063.7,"d":"1,063.7"},{"v":19682.5,"d":"19,682.5"}]
["Área com pastagem","hectare",132,0.7,{"v":64.87,"d":"64.9"},{"v":1525.7,"d":"1,525.7"},{"v":8562.9,"d":"8,562.9"}]
["Área com reflorestamento","hectare",4,4.6,218.9,812.5,875.6]
["Área com vegetação natural","hectare",145,0.5,{"v":37.53,"d":"37.5"},375.9,{"v":5442.48,"d":"5,442.5"}]
["Área com vegetação de brejo e várzea","hectare",16,0.5,{"v":20.67,"d":"20.7"},181.9,{"v":330.77,"d":"330.8"}]
["Área em descanso","hectare",9,0.1,{"v":7.44,"d":"7.4"},{"v":48,"d":"48.0"},{"v":67,"d":"67.0"}]
["Área complementar","hectare",166,{"v":0.08,"d":"0.1"},{"v":4.02,"d":"4.0"},{"v":100,"d":"100.0"},{"v":667.73,"d":"667.7"}]
["Área das UPAs com (0, 1] ha","hectare","-","-","-","-","-"]
["Área das UPAs com (1, 2] ha","hectare",4,1.6,{"v":1.83,"d":"1.8"},{"v":2,"d":"2.0"},7.3]
["Área das UPAs com (2, 5] ha","hectare",18,2.4,{"v":4.08,"d":"4.1"},{"v":5,"d":"5.0"},{"v":73.37,"d":"73.4"}]
["Área das UPAs com (5, 10] ha","hectare",24,5.5,{"v":7.85,"d":"7.9"},9.7,188.5]
["Área das UPAs com (10, 20] ha","hectare",23,10.8,{"v":14.11,"d":"14.1"},18.4,324.5]
["Área das UPAs com (20, 50] ha","hectare",47,20.6,{"v":32.25,"d":"32.3"},48.4,{"v":1515.58,"d":"1,515.6"}]
["Área das UPAs com (50, 100] ha","hectare",34,52.2,{"v":74.63,"d":"74.6"},97.4,{"v":2537.43,"d":"2,537.4"}]
["Área das UPAs com (100, 200] ha","hectare",40,{"v":104,"d":"104.0"},{"v":143.72,"d":"143.7"},198.4,{"v":5748.7,"d":"5,748.7"}]
["Área das UPAs com (200, 500] ha","hectare",31,203.2,{"v":309.48,"d":"309.5"},493.4,{"v":9594,"d":"9,594.0"}]
["Área das UPAs com (500, 1.000] ha","hectare",11,504.9,{"v":698.24,"d":"698.2"},981.8,{"v":7680.6,"d":"7,680.6"}]
["Área das UPAs com (1.000, 2.000] ha","hectare",6,{"v":1091.9,"d":"1,091.9"},{"v":1404.22,"d":"1,404.2"},{"v":1631.7,"d":"1,631.7"},{"v":8425.3,"d":"8,425.3"}]
["Área das UPAs com (2.000, 5.000] ha","hectare","-","-","-","-","-"]
["Área das UPAs com (5.000, 10.000] ha","hectare","-","-","-","-","-"]
["Área das UPAs acima de 10.000 ha","hectare","-","-","-","-","-"]
["Fonte: Secretaria de Agricultura e Abastecimento, CDRS/IEA, Projeto LUPA."]
[]
["TABELA 77.2 - Explorações Animais, Município de Bocaina, Estado de São Paulo, 2016/17."]
["ITEM","UNIDADE","N.DE UPAs","MÍNIMO","MÉDIO","MÁXIMO","TOTAL"]
["Apicultura","colmeias",1,{"v":180,"d":"180.0"},{"v":180,"d":"180.0"},{"v":180,"d":"180.0"},{"v":180,"d":"180.0"}]
["Asininos e muares","cabecas",2,{"v":1,"d":"1.0"},1.5,{"v":2,"d":"2.0"},{"v":3,"d":"3.0"}]
["Avicultura de corte","cabecas/ano",2,{"v":70000,"d":"70,000.0"},{"v":285000,"d":"285,000.0"},{"v":500000,"d":"500,000.0"},{"v":570000,"d":"570,000.0"}]
["Bovinocultura de corte","cabecas",86,{"v":2,"d":"2.0"},{"v":102.17,"d":"102.2"},{"v":1465,"d":"1,465.0"},{"v":8787,"d":"8,787.0"}]
["Bovinocultura leiteira","cabecas",3,{"v":7,"d":"7.0"},{"v":42.33,"d":"42.3"},{"v":70,"d":"70.0"},{"v":127,"d":"127.0"}]
["Bovinocultura mista","cabecas",1,{"v":130,"d":"130.0"},{"v":130,"d":"130.0"},{"v":130,"d":"130.0"},{"v":130,"d":"130.0"}]
["Bubalinocultura","cabecas",1,{"v":446,"d":"446.0"},{"v":446,"d":"446.0"},{"v":446,"d":"446.0"},{"v":446,"d":"446.0"}]
["Equinocultura","cabecas",26,{"v":1,"d":"1.0"},{"v":7.77,"d":"7.8"},{"v":42,"d":"42.0"},{"v":202,"d":"202.0"}]
["Ovinocultura","cabecas",1,{"v":10,"d":"10.0"},{"v":10,"d":"10.0"},{"v":10,"d":"10.0"},{"v":10,"d":"10.0"}]
["Suinocultura","cabecas",1,{"v":100,"d":"100.0"},{"v":100,"d":"100.0"},{"v":100,"d":"100.0"},{"v":100,"d":"100.0"}]
["Fonte: Secretaria de Agricultura e Abastecimento, CDRS/IEA, Projeto LUPA."]
[]
["TABELA 77.3 -  Máquinas, Implementos e Benfeitorias, Município de Bocaina, Estado de São Paulo, 2016/17."]
["ITEM","UNIDADE","N.DE UPAs","MÍNIMO","MÉDIO","MÁXIMO","TOTAL"]
["Arado comum (bacia, aiveca)","unidade",10,{"v":1,"d":"1.0"},1.6,{"v":5,"d":"5.0"},{"v":16,"d":"16.0"}]
["Arado escarificador","unidade",28,{"v":1,"d":"1.0"},{"v":1.54,"d":"1.5"},{"v":5,"d":"5.0"},{"v":43,"d":"43.0"}]
["Arado subsolador","unidade",12,{"v":1,"d":"1.0"},{"v":1.08,"d":"1.1"},{"v":2,"d":"2.0"},{"v":13,"d":"13.0"}]
["Batedeira de cereais","unidade",3,{"v":1,"d":"1.0"},{"v":1,"d":"1.0"},{"v":1,"d":"1.0"},{"v":3,"d":"3.0"}]
["Camara fria","unidade",2,{"v":1,"d":"1.0"},{"v":1,"d":"1.0"},{"v":1,"d":"1.0"},{"v":2,"d":"2.0"}]
["Carregadeira de cana","unidade",3,{"v":1,"d":"1.0"},{"v":7.67,"d":"7.7"},{"v":20,"d":"20.0"},{"v":23,"d":"23.0"}]
["Carreta de trator","unidade",2,{"v":2,"d":"2.0"},{"v":2,"d":"2.0"},{"v":2,"d":"2.0"},{"v":4,"d":"4.0"}]
["Colhedeira acoplada","unidade",1,{"v":1,"d":"1.0"},{"v":1,"d":"1.0"},{"v":1,"d":"1.0"},{"v":1,"d":"1.0"}]
["Colhedeira automotriz","unidade",4,{"v":1,"d":"1.0"},1.5,{"v":3,"d":"3.0"},{"v":6,"d":"6.0"}]
["Computador","unidade",3,{"v":1,"d":"1.0"},{"v":2.67,"d":"2.7"},{"v":4,"d":"4.0"},{"v":8,"d":"8.0"}]
["Conj.irrigacao autopropelido","unidade",1,{"v":3,"d":"3.0"},{"v":3,"d":"3.0"},{"v":3,"d":"3.0"},{"v":3,"d":"3.0"}]
["Conj.irrigacao convencional","unidade",5,{"v":1,"d":"1.0"},2.4,{"v":8,"d":"8.0"},{"v":12,"d":"12.0"}]
["Conj.irrigacao/gotejamento/microaspersao","unidade",2,{"v":1,"d":"1.0"},{"v":1,"d":"1.0"},{"v":1,"d":"1.0"},{"v":2,"d":"2.0"}]
["Conjunto de fenacao","unidade",3,{"v":1,"d":"1.0"},{"v":1,"d":"1.0"},{"v":1,"d":"1.0"},{"v":3,"d":"3.0"}]
["Desintegrador de palha (plantio direto)","unidade",1,{"v":1,"d":"1.0"},{"v":1,"d":"1.0"},{"v":1,"d":"1.0"},{"v":1,"d":"1.0"}]
["Desintegrador, picador, triturador","unidade",53,{"v":1,"d":"1.0"},{"v":1.25,"d":"1.3"},{"v":4,"d":"4.0"},{"v":66,"d":"66.0"}]
["Distribuidor de calcario","unidade",6,{"v":1,"d":"1.0"},{"v":1.67,"d":"1.7"},{"v":4,"d":"4.0"},{"v":10,"d":"10.0"}]
["Ensiladeira","unidade",6,{"v":1,"d":"1.0"},{"v":1,"d":"1.0"},{"v":1,"d":"1.0"},{"v":6,"d":"6.0"}]
["Grade aradora (tipo romi)","unidade",10,{"v":1,"d":"1.0"},1.6,{"v":4,"d":"4.0"},{"v":16,"d":"16.0"}]
["Grade niveladora","unidade",7,{"v":1,"d":"1.0"},{"v":1.29,"d":"1.3"},{"v":2,"d":"2.0"},{"v":9,"d":"9.0"}]
["Implementos para tracao animal","unidade",1,{"v":1,"d":"1.0"},{"v":1,"d":"1.0"},{"v":1,"d":"1.0"},{"v":1,"d":"1.0"}]
["Misturador de racao","unidade",4,{"v":1,"d":"1.0"},{"v":1.25,"d":"1.3"},{"v":2,"d":"2.0"},{"v":5,"d":"5.0"}]
["Mmicrotrator","unidade",9,{"v":1,"d":"1.0"},{"v":1.11,"d":"1.1"},{"v":2,"d":"2.0"},{"v":10,"d":"10.0"}]
["Ordenhadeira mecanica","unidade",3,{"v":1,"d":"1.0"},{"v":2,"d":"2.0"},{"v":4,"d":"4.0"},{"v":6,"d":"6.0"}]
["Pulverizador tratorizado","unidade",21,{"v":1,"d":"1.0"},{"v":2,"d":"2.0"},{"v":10,"d":"10.0"},{"v":42,"d":"42.0"}]
["Resfriador de leite, tanque expansao","unidade",2,{"v":1,"d":"1.0"},{"v":1,"d":"1.0"},{"v":1,"d":"1.0"},{"v":2,"d":"2.0"}]
["Roçadora","unidade",2,{"v":1,"d":"1.0"},{"v":1,"d":"1.0"},{"v":1,"d":"1.0"},{"v":2,"d":"2.0"}]
["Semeadeira/adubadeira para plantio convencional","unidade",3,{"v":1,"d":"1.0"},{"v":1.33,"d":"1.3"},{"v":2,"d":"2.0"},{"v":4,"d":"4.0"}]
["Semeadeira/plantadeira plantio direto","unidade",12,{"v":1,"d":"1.0"},1.5,{"v":4,"d":"4.0"},{"v":18,"d":"18.0"}]
["Terraceador","unidade",6,{"v":1,"d":"1.0"},{"v":1.17,"d":"1.2"},{"v":2,"d":"2.0"},{"v":7,"d":"7.0"}]
["Trator de esteiras","unidade",3,{"v":1,"d":"1.0"},{"v":3.67,"d":"3.7"},{"v":9,"d":"9.0"},{"v":11,"d":"11.0"}]
["Trator de pneus  acima de 85 cv","unidade",17,{"v":1,"d":"1.0"},{"v":2.71,"d":"2.7"},{"v":15,"d":"15.0"},{"v":46,"d":"46.0"}]
["Trator de pneus até 65 cv","unidade",19,{"v":1,"d":"1.0"},{"v":1.32,"d":"1.3"},{"v":3,"d":"3.0"},{"v":25,"d":"25.0"}]
["Trator de pneus de 66 cv a 85 cv","unidade",32,{"v":1,"d":"1.0"},{"v":2.88,"d":"2.9"},{"v":40,"d":"40.0"},{"v":92,"d":"92.0"}]
["Acude/represa","unidade",50,{"v":1,"d":"1.0"},{"v":1.86,"d":"1.9"},{"v":14,"d":"14.0"},{"v":93,"d":"93.0"}]
["Almoxarifado/oficina","unidade",22,{"v":1,"d":"1.0"},{"v":1.14,"d":"1.1"},{"v":3,"d":"3.0"},{"v":25,"d":"25.0"}]
["Armazem para graos ensacados","sacas",13]
["Balanca para bovinos","unidade",9,{"v":1,"d":"1.0"},{"v":1,"d":"1.0"},{"v":1,"d":"1.0"},{"v":9,"d":"9.0"}]
["Balanca para veiculos","unidade",2,{"v":1,"d":"1.0"},{"v":1,"d":"1.0"},{"v":1,"d":"1.0"},{"v":2,"d":"2.0"}]
["Barracao para granja/avicultura","unidade",5,{"v":1,"d":"1.0"},1.4,{"v":3,"d":"3.0"},{"v":7,"d":"7.0"}]
["Barracao/galpao/garagem","unidade",61,{"v":1,"d":"1.0"},1.3,{"v":6,"d":"6.0"},{"v":79,"d":"79.0"}]
["Biodigestor","unidade",1,{"v":1,"d":"1.0"},{"v":1,"d":"1.0"},{"v":1,"d":"1.0"},{"v":1,"d":"1.0"}]
["Casa de moradia habitada","unidade",95,{"v":1,"d":"1.0"},{"v":2.22,"d":"2.2"},{"v":10,"d":"10.0"},{"v":211,"d":"211.0"}]
["Casa de moradia total","unidade",131,{"v":1,"d":"1.0"},{"v":3.11,"d":"3.1"},{"v":32,"d":"32.0"},{"v":407,"d":"407.0"}]
["Curral/mangueira","unidade",96,{"v":1,"d":"1.0"},{"v":1.13,"d":"1.1"},{"v":6,"d":"6.0"},{"v":108,"d":"108.0"}]
["Deposito/tulha","unidade",51,{"v":1,"d":"1.0"},1.2,{"v":4,"d":"4.0"},{"v":61,"d":"61.0"}]
["Estabulo","unidade",17,{"v":1,"d":"1.0"},{"v":1,"d":"1.0"},{"v":1,"d":"1.0"},{"v":17,"d":"17.0"}]
["Instalacoes para equinos","unidade",21,{"v":1,"d":"1.0"},{"v":2.67,"d":"2.7"},{"v":10,"d":"10.0"},{"v":56,"d":"56.0"}]
["Maquina de beneficio","unidade",6,{"v":1,"d":"1.0"},{"v":1,"d":"1.0"},{"v":1,"d":"1.0"},{"v":6,"d":"6.0"}]
["Pocilga","unidade",12,{"v":1,"d":"1.0"},{"v":1,"d":"1.0"},{"v":1,"d":"1.0"},{"v":12,"d":"12.0"}]
["Poco semi-artesiano","unidade",25,{"v":1,"d":"1.0"},{"v":1.04,"d":"1.0"},{"v":2,"d":"2.0"},{"v":26,"d":"26.0"}]
["Secador de graos","unidade",4,{"v":1,"d":"1.0"},{"v":1.75,"d":"1.8"},{"v":3,"d":"3.0"},{"v":7,"d":"7.0"}]
["Silo para silagem","ton",4]
["Terreiro","m2",23]
["Usina de acucar/destilaria","unidade",1,{"v":1,"d":"1.0"},{"v":1,"d":"1.0"},{"v":1,"d":"1.0"},{"v":1,"d":"1.0"}]
["Fonte: Secretaria de Agricultura e Abastecimento, CDRS/IEA, Projeto LUPA."]
[]
["TABELA 77.4 - Outras Estatísticas Agrícolas, Município de Bocaina, Estado de São Paulo, 2016/17."]
["ITEM","Número de UPAs",null,"Percentual"]
["Faz Parte de Associação de Produtores",151,null,{"v":63.4453781512605,"d":"63.4"}]
["Faz Parte de Cooperativa de Produtores",82,null,{"v":34.45378151260504,"d":"34.5"}]
["Faz Parte do Sindicato de Produtores",90,null,{"v":37.81512605042017,"d":"37.8"}]
["Não utiliza assistência técnica ",70,null,{"v":29.41176470588235,"d":"29.4"}]
["Utiliza somente assistência técnica governamental ",19,null,{"v":7.983193277310924,"d":"8.0"}]
["Utiliza somente assistência técnica privada ",82,null,{"v":34.45378151260504,"d":"34.5"}]
["Utiliza assistência técnica tanto governamental quanto privada",67,null,{"v":28.15126050420168,"d":"28.2"}]
["Utiliza Crédito Rural",46,null,{"v":19.327731092436974,"d":"19.3"}]
["Utiliza Seguro Rural",6,null,{"v":2.5210084033613445,"d":"2.5"}]
["Utiliza Escrituração Agrícola",204,null,{"v":85.71428571428571,"d":"85.7"}]
["Acessa Internet p/ Fins na Agropecuária",77,null,{"v":32.35294117647059,"d":"32.4"}]
["Utiliza Computador nas Atividades Agropecuárias",56,null,{"v":23.52941176470588,"d":"23.5"}]
["Utiliza Energia Elétrica Para Uso na Atividade Agrícola",170,null,{"v":71.42857142857143,"d":"71.4"}]
["Utiliza Energia Alternativa","-",null,"-"]
["Realiza Análise de Solo, quando necessário",160,null,{"v":67.22689075630251,"d":"67.2"}]
["Realiza Calagem",41,null,{"v":17.22689075630252,"d":"17.2"}]
["Utiliza Práticas de Conservação de Solo, quando necessário",218,null,{"v":91.59663865546219,"d":"91.6"}]
["Faz Adubação Mineral, quando necessário",180,null,{"v":75.63025210084034,"d":"75.6"}]
["Faz Adubação Orgânica, quando necessário",64,null,{"v":26.89075630252101,"d":"26.9"}]
["Faz Adubação Verde, quando necessário",16,null,{"v":6.722689075630252,"d":"6.7"}]
["Utiliza Manejo Integrado de Pragas (MIP)",70,null,{"v":29.411764705882355,"d":"29.4"}]
["Utiliza Hidroponia","-",null,"-"]
["Utiliza Cultivo em Estufa",1,null,{"v":0.42016806722689076,"d":"0.4"}]
["Utiliza Mudas Fiscalizadas",82,null,{"v":34.45378151260504,"d":"34.5"}]
["Utiliza Semente Melhorada",23,null,{"v":9.663865546218487,"d":"9.7"}]
["Faz Confinamento de Bovinos",5,null,{"v":2.1008403361344534,"d":"2.1"}]
["Utiliza Pastejo Intensivo",62,null,{"v":26.050420168067223,"d":"26.1"}]
["Faz Inseminação Artificial",1,null,{"v":0.42016806722689076,"d":"0.4"}]
["Faz Mineralização do Rebanho",81,null,{"v":34.03361344537815,"d":"34.0"}]
["Faz Vermifugação do Rebanho",82,null,{"v":34.45378151260504,"d":"34.5"}]
["Possui Parceiros /Arrendatários na Exploração Animal",56,null,{"v":23.52941176470588,"d":"23.5"}]
["Existência de trabalhadores c/ deficiência na UPA",1,null,{"v":0.42016806722689076,"d":"0.4"}]
["Esporte e lazer",1,null,{"v":0.42016806722689076,"d":"0.4"}]
["Extração mineral","-",null,"-"]
["Hotel Fazenda, Pousada ou SPA",1,null,{"v":0.42016806722689076,"d":"0.4"}]
["Pesque-pague",1,null,{"v":0.42016806722689076,"d":"0.4"}]
["Restaurante ou Lanchonete","-",null,"-"]
["Transformação artesanal",2,null,{"v":0.8403361344537815,"d":"0.8"}]
["Turismo rural ou ecoturismo","-",null,"-"]
["Outras atividades econômicas rurais","-",null,"-"]
["Agroindústria","-",null,"-"]
["Proprietário sem instrução ou com instrução incompleta",7,null,{"v":2.9411764705882355,"d":"2.9"}]
["Proprietário com antigo primário completo",29,null,{"v":12.184873949579833,"d":"12.2"}]
["Proprietário com 1° grau (ou antigo ginasial) completo",16,null,{"v":6.722689075630252,"d":"6.7"}]
["Proprietário com 2° grau (ou antigo colegial) completo",42,null,{"v":17.647058823529413,"d":"17.6"}]
["Proprietário com curso superior completo ",137,null,{"v":57.563025210084035,"d":"57.6"}]
["Pessoa Jurídica",7,null,{"v":2.9411764705882355,"d":"2.9"}]
["Proprietário residente na própria UPA ",24,null,{"v":10.084033613445378,"d":"10.1"}]
["Fonte: Secretaria de Agricultura e Abastecimento, CDRS/IEA, Projeto LUPA."]
[]
["TABELA 77.5 - Área Cultivada, Município de Bocaina, Estado de São Paulo, 2016/17."]
["CULTURA","N.DE UPAs","MÍNIMO","MÉDIO","MÁXIMO","TOTAL"]
["Cana-de-acucar finalidade industria",159,0.2,{"v":114.58,"d":"114.6"},772.6,{"v":18218.5,"d":"18,218.5"}]
["Braquiaria",132,0.7,{"v":64.87,"d":"64.9"},{"v":1525.7,"d":"1,525.7"},{"v":8562.9,"d":"8,562.9"}]
["Eucalipto",4,4.6,218.9,812.5,875.6]
["Soja",5,{"v":30,"d":"30.0"},{"v":98.94,"d":"98.9"},303.7,494.7]
["Cana-de-acucar outras finalidades",6,0.5,{"v":76.27,"d":"76.3"},446.7,457.6]
["Milho safra",6,2.9,{"v":55.57,"d":"55.6"},{"v":260,"d":"260.0"},333.4]
["Laranja destino misto",1,313.6,313.6,313.6,313.6]
["Outras culturas temporárias",1,{"v":180,"d":"180.0"},{"v":180,"d":"180.0"},{"v":180,"d":"180.0"},{"v":180,"d":"180.0"}]
["Cafe",4,{"v":12,"d":"12.0"},{"v":33.68,"d":"33.7"},{"v":68,"d":"68.0"},134.7]
["Macadamia (ou noz-macadamia)",1,{"v":15,"d":"15.0"},{"v":15,"d":"15.0"},{"v":15,"d":"15.0"},{"v":15,"d":"15.0"}]
["Cidra",1,{"v":3,"d":"3.0"},{"v":3,"d":"3.0"},{"v":3,"d":"3.0"},{"v":3,"d":"3.0"}]
["Pimentao",1,1.8,1.8,1.8,1.8]
["Fonte: Secretaria de Agricultura e Abastecimento, CDRS/IEA, Projeto LUPA."]